| 000 | 00853nam a2200229 i 4500 | ||
|---|---|---|---|
| 001 | 69181 | ||
| 003 | ES-MaACL | ||
| 005 | 20250806052100.0 | ||
| 007 | t| | ||
| 008 | 040916s1901 sp ||||1| spa d | ||
| 100 | 1 |
_aLesser, Edmund. _971849 |
|
| 245 | 1 | 0 |
_aTratado de dermatología: sifiliografía y enfermedades venéreas / _cpor... Edmundo Lesser ; traducido de la décima ediión alemana por... D. Gil Saltor y Lavall y D. José María Biada. |
| 260 |
_aBarcelona : _bSalvat, _c[190-?] |
||
| 300 |
_a2 v. ; _c26 cm. |
||
| 505 | 8 | _aI. Dermatología -- II. Sifilografía y enfermedades venéreas | |
| 650 | 7 |
_aEnfermedades de transmisión sexual _2embne _912260 |
|
| 650 | 0 | 4 |
_aDermatología. _911784 |
| 700 | 1 |
_aSaltor y Lavall, Gil. _9102046 |
|
| 700 | 1 |
_aBiada, José María. _928732 |
|
| 852 |
_aES-MaACL _jE-338-39 |
||
| 999 |
_c69181 _d69181 |
||